000 01472nam2a2200277 4500
001 RU\NLR\BIBL_A\011465846
005 20250626072421.0
010 _a978-5-4224-1320-1
_bт.6
021 _aRU
_b2017-58102
_94127
035 _a(NLR Aleph) 011465846
090 _a11828067
_c11828067
100 _a20170905d2017 |||y0rusy50 ca
101 1 _arus
_cfre
102 _aRU
105 _ac|||z|||001cy
200 1 _aПутешествие на Восток
_e[путевые очерки
_fпер. М. Зониной, И. Кузнецовой]
210 _d2017
_aБ. м.
215 _a398, [1] с.
_cпортр.
320 _aАлф. указ. произведений Т. Готье, влючен. в 1-6 т. Собрания сочинений: с. 397
327 1 _aСодерж.: разделы: В Африке; Константинополь
461 0 _1001RU\NLR\BIBL_A\011469796
_12001#$aСобрание сочинений$e[перевод с французского]$eв шести томах$fТеофиль Готье$vТ. 6
_1700#1$aГотье$bТ.$gТеофиль$f1811-1872$3RU\NLR\AUTH\7725984
_911848731
_aГотье, Т. (1811-1872)
_cМосква
_d2017
_fТеофиль Готье
_nТерра
_o[перевод с французского] : в шести томах
_tСобрание сочинений
_y9785422413140
_vТ. 6
942 _cBOOK
980 _aNB